A menina das estrelas (Registo nº 15178)
[ vista simples ]
| 000 -Etiqueta do registo | |
|---|---|
| Valores | 00587nam a22001931i 4500 |
| 090 ## - | |
| -- | 15178 |
| 010 ## - Número ISBN | |
| ISBN | 9789722329901 |
| 100 ## - Dados gerais de processamento | |
| Dados gerais | 20170304u u u0frey50 ba |
| 101 0# - Língua de publicação | |
| -- | por |
| 200 1# - Titulo e menção de responsabilidade | |
| Primeira menção de responsabilidade | Jerry Spinelli |
| Título próprio | A menina das estrelas |
| 215 ## - Descrição física | |
| Paginação / Volumes | 195, [3] p. |
| Dimensões | 21 cm |
| 210 ## - Publicação | |
| Nome do editor | Presença |
| Local de publicação | Lisboa |
| Data de publicação | 2003 |
| 225 2# - Colecção | |
| Título próprio da colecção | Estrela do mar |
| Indicação de volume | 50 |
| 410 #0 - | |
| -- | Estrela do mar |
| 702 #1 - Autor secundário (pessoa individual) | |
| Apelido | Cotter |
| Nome | Maria João Berkeley |
| -- | 730 |
| 700 #1 - Autor principal (pessoa individual) | |
| Apelido | Spinelli |
| Nome | Jerry |
| -- | 070 |
| 996 ## - ISO2709 | |
| -- | 0018498 |
| -- | SPI Juv |
| -- | 00000000 |
| -- | 00000000 |
| -- | BMVAAL |
| -- | 3 |
| -- | Alcáçovas |
| -- | Literatura Juvenil |
| -- | 2 |
| -- | Livro |
| -- | 0 |
| -- | 1 |
| 990 ## - Elementos KOHA | |
| Tipo de documento | Livro |
| Situação do levantamento | Estado | Biblioteca de origem | Biblioteca de empréstimo | Código de barras | Cota | Permissão de empréstimo | Tipo de documento | Nota relativa ao exemplar |
|---|---|---|---|---|---|---|---|---|
| Completo | Biblioteca Municipal de Viana Do Alentejo | Biblioteca Municipal de Viana Do Alentejo Pólo Alcáçovas | 0020999 | 82-93 SPI | Disponível | Livro | 10-15 anos |